Formato de bandeira dos territórios disputados - Statistics

Estatísticas Gerais
  • Esse quiz foi jogado 157 vezes
  • A pontuação média é 5 de 14
Estatísticas das Respostas
Imagem Resposta % Correto
Taiwan
88%
Kosovo
86%
Palestino
72%
Saara Ocidental
61%
Ossétia do Sul
42%
Transnistria
42%
Ilhas Malvinas
41%
Somalilândia
41%
Artsakh
17%
Darfur
14%
Crimea
13%
Abkhazia
9%
Norte do Chipre
9%
Jammu e Caxemira
7%
Nenhum quiz correspondente encontrado
Distribuição das Pontuações
Porcentagem de Pessoas com Cada Pontuação
Percentil de Números Respondidos
Sua Pontuação Histórica
Você não jogou esse quiz